<?xml version="1.0" encoding="UTF-8"?>
<record
    xmlns:xsi="http://www.w3.org/2001/XMLSchema-instance"
    xsi:schemaLocation="http://www.loc.gov/MARC21/slim http://www.loc.gov/standards/marcxml/schema/MARC21slim.xsd"
    xmlns="http://www.loc.gov/MARC21/slim">

  <leader>01274nam a22002657a 4500</leader>
  <controlfield tag="003">OSt</controlfield>
  <controlfield tag="005">20240712114123.0</controlfield>
  <controlfield tag="008">231026t1964    ck     er     000 0 spa d</controlfield>
  <datafield tag="020" ind1=" " ind2=" ">
    <subfield code="a">9498247267</subfield>
  </datafield>
  <datafield tag="037" ind1=" " ind2=" ">
    <subfield code="3">Donaci&#xF3;n</subfield>
  </datafield>
  <datafield tag="040" ind1=" " ind2=" ">
    <subfield code="a">CO-JMCR</subfield>
    <subfield code="c">CO-JMCR</subfield>
    <subfield code="d">CO-JMCR</subfield>
    <subfield code="b">spa</subfield>
    <subfield code="e">rda</subfield>
  </datafield>
  <datafield tag="041" ind1="0" ind2=" ">
    <subfield code="a">spa</subfield>
  </datafield>
  <datafield tag="082" ind1="0" ind2="4">
    <subfield code="a">A-C </subfield>
    <subfield code="b">MENc</subfield>
  </datafield>
  <datafield tag="100" ind1="1" ind2=" ">
    <subfield code="a">Ment&#xF3;n, Seymour, </subfield>
    <subfield code="e">autor</subfield>
    <subfield code="9">43403</subfield>
  </datafield>
  <datafield tag="245" ind1="1" ind2="3">
    <subfield code="a">El cuento hispanoamericano 2 / </subfield>
    <subfield code="c">Seymour Ment&#xF3;n. </subfield>
  </datafield>
  <datafield tag="260" ind1=" " ind2=" ">
    <subfield code="a">M&#xE9;xico : </subfield>
    <subfield code="b">Fondo de Cultura Econ&#xF3;mica , </subfield>
    <subfield code="c">&#xA9;1964</subfield>
  </datafield>
  <datafield tag="300" ind1=" " ind2=" ">
    <subfield code="a">331 p&#xE1;ginas ; </subfield>
    <subfield code="c">17 cm. </subfield>
  </datafield>
  <datafield tag="490" ind1=" " ind2=" ">
    <subfield code="a">Coleccion popular 51</subfield>
  </datafield>
  <datafield tag="500" ind1=" " ind2=" ">
    <subfield code="a">Incluye bibliograf&#xED;a</subfield>
  </datafield>
  <datafield tag="505" ind1="0" ind2=" ">
    <subfield code="a">Horacio Quiroga, Uruguayo "El hombre muerto" -- Mart&#xED;n Luis Guzm&#xE1;n, Mexicano "La fiesta delas balas" -- Jorge Ferretis, Mexicano "Hombres en tempestad"</subfield>
  </datafield>
  <datafield tag="520" ind1="3" ind2=" ">
    <subfield code="a">Este tomo comprende las ultimas corrientes que han enriquecido el cuento hispanoamericano: el criollismo, el cosmopolitismo y el neorrealismo; es decir, las manifestaciones posteriores a las tendencias modernistas que a fines del siglo XIX y a principios del actual remozaron m&#xE9;todos y t&#xE9;cnicas en nuestra literatura.</subfield>
  </datafield>
  <datafield tag="650" ind1="1" ind2="4">
    <subfield code="2">JMCR</subfield>
    <subfield code="a">Literatura Hispanoamericana</subfield>
    <subfield code="v">Antolog&#xED;as</subfield>
    <subfield code="9">43404</subfield>
  </datafield>
  <datafield tag="650" ind1="2" ind2="4">
    <subfield code="a">Cuentos Hispanoamericanos</subfield>
    <subfield code="x">Historia y cr&#xED;tica</subfield>
    <subfield code="9">43405</subfield>
  </datafield>
  <datafield tag="942" ind1=" " ind2=" ">
    <subfield code="2">ddc</subfield>
    <subfield code="c">BK</subfield>
  </datafield>
  <datafield tag="999" ind1=" " ind2=" ">
    <subfield code="c">30305</subfield>
    <subfield code="d">16689</subfield>
  </datafield>
  <datafield tag="952" ind1=" " ind2=" ">
    <subfield code="0">0</subfield>
    <subfield code="1">0</subfield>
    <subfield code="2">ddc</subfield>
    <subfield code="4">0</subfield>
    <subfield code="7">0</subfield>
    <subfield code="a">CPL</subfield>
    <subfield code="b">CPL</subfield>
    <subfield code="c">FIC</subfield>
    <subfield code="d">2021-12-06</subfield>
    <subfield code="e">Donaci&#xF3;n</subfield>
    <subfield code="l">0</subfield>
    <subfield code="o">A-C MENc</subfield>
    <subfield code="p">201811278</subfield>
    <subfield code="r">2023-10-26 00:00:00</subfield>
    <subfield code="t">Ej.1</subfield>
    <subfield code="w">2023-10-26</subfield>
    <subfield code="y">BK</subfield>
  </datafield>
</record>
